|
|
|
|
| LEADER |
00000cjm a2200000 i 4500 |
| 001 |
1/55909 |
| 007 |
sd fs gn m ed |
| 008 |
040525s2002 gr gre d |
| 028 |
0 |
1 |
|a 7243 5 80182 2 6
|b MINOS
|
| 035 |
|
|
|l 10073511
|
| 040 |
|
|
|a GR-MY-UA
|b gre
|e aacr
|
| 041 |
0 |
|
|a gre
|
| 082 |
0 |
|
|a 782.42
|2 (22η εκδ.)
|
| 245 |
1 |
0 |
|a Μαρίκα Νίνου
|h [ηχογράφηση] :
|b η Μαρίκα με τον ντέφι /
|c Μαρίκα Νίνου
|
| 260 |
|
|
|a [Αθήνα] :
|b MINOS,
|c 2002
|
| 300 |
|
|
|a 1 δίσκος κόμπακτ (36 λεπτ., 94 δευτ.);
|b ψηφιακός, στέρεο;
|c 4 3/4 ιν.
|
| 500 |
|
|
|a Συνοδευτικό CD του περιοδικού Δίφωνο, τεύχους 2
|
| 500 |
|
|
|a Χοριγός Αγροτική Τράπεζα της Ελλάδος
|
| 500 |
|
|
|a Σχεδίαση εξωφύλλου Δημήτρης Αρβανίτης, Επιμέλεια έκδοσης Γιώργος Τσάμπρας
|
| 505 |
0 |
|
|a 1. Για τα μάτια π'αγαπώ--2. Γεννήθηκα για να πονώ--3. Σεράχ--4. Η καρδιά σου θα γίνει χρυσή--5. Θέλω στα μπουζούκια απόψε να με πας--6. Παλαμάκια,παλαμάκια--7. Εύχομαι και στα δικά σου--8. Θα σου πω το μυστικό μου--9. Άνθρωποι άνθρωποι--10. Η γυναίκα που ψηφίζει--11. Ταμπακέρα--12. Αγάπη που'γινες δίκοπο μαχαίρι
|
| 650 |
0 |
0 |
|a Bouzouki music.
|
| 650 |
0 |
0 |
|a Rebetika.
|
| 650 |
0 |
0 |
|a Popular music
|z Greece.
|
| 700 |
1 |
|
|a Νίνου, Μαρίκα,
|e prff
|
| 852 |
|
|
|a INST
|b LESVOS
|c AV
|e 20040525
|h 782.42 ΜΑΡ
|p 005100028211
|q 005100028211
|t CD
|y 23
|
| 901 |
|
|
|a BIBL1-2004-2
|
| 909 |
|
|
|a Λ
|b 111952
|
| 970 |
|
|
|a ΜΑΡΙΝΑΤΟΥ
|b ΜΥΡΣΙΝΗ
|z 2004/05/25
|